000 00760nam a2200193 a 4500
001 000048322
005 20201002061054.0
008 190125s2016 dr a r 000 0 spa d
020 _a9789945894622
040 _aDO-SdBNP
_bspa
_cBNPHU
082 _axxxx
_bH831m
245 0 0 _aEugenio María de Hostos miembro AD-Honorem de la academía de Ciencias de la República Dominicana /
_ceditores José Guerrero, Milcíades Mejía ; coordinadora Mariela Ramírez.
260 _aSanto Domingo :
_bAcademia de Ciencias de la República Dominicana,
_c2016.
300 _a126 p. :
_bil. ;
_c23 cm.
590 _aInventariado, 2019/BT
700 1 _aGuerrero, José,
_eed.
_961941
700 1 _aMejía, Milcíades,
_eed.
_943514
700 1 _aRamírez, Mariela,
_ecoord.
_975743
999 _c47810
_d47810